| 000 | 00664nam a2200193 a 4500 | ||
|---|---|---|---|
| 001 | 000035201 | ||
| 005 | 20200930074155.0 | ||
| 008 | 111025s1968 sp 000 0 spa d | ||
| 020 | _a8420680303 | ||
| 040 |
_aDO-SdBNP _bspa _cBNPHU |
||
| 082 |
_axxxx _bxxxx |
||
| 100 | 1 |
_aWartofsky, Marx W. _960938 |
|
| 245 | 1 | 0 |
_aIntroducción a la filosofía de la ciencia / _cMarrx W. Wartofsky. |
| 260 |
_aMadrid, : _bAlianza, _c1968. |
||
| 300 |
_a679 p. ; _c23 cm. |
||
| 500 | _aIncluye índice alfabético | ||
| 504 | _aIncluye referencias bibliográficas y notas al pie de las páginas | ||
| 590 | _aPerteneció a la biblioteca personal de Juan Isidro Jimenes Grullón. | ||
| 999 |
_c34692 _d34692 |
||